Lucy Dacus - Modigliani (Lyrics) - Statistics

General Stats
  • This quiz has been taken 26 times
  • The average score is 250 of 295
Answer Stats
Answer % Correct
a
100%
A
100%
and
100%
And
100%
do
100%
feel
100%
I
100%
it
100%
it ?
100%
so
100%
to
100%
Why
100%
you
100%
You
100%
be
94%
does
94%
if
94%
me
94%
never
94%
on
94%
should
94%
that ?
94%
that
94%
about
88%
back
88%
been
88%
blade
88%
but
88%
But
88%
father,
88%
for
88%
For
88%
friend
88%
get
88%
go
88%
got
88%
have
88%
how
88%
How'd
88%
in
88%
I've
88%
Like
88%
like
88%
"Loving
88%
make
88%
Modigliani
88%
my
88%
off
88%
shoulder
88%
significant ?
88%
son"
88%
tell
88%
the
88%
want
88%
wear
88%
were
88%
what
88%
when
88%
When
88%
win
88%
all
81%
as
81%
backwards
81%
before
81%
bench
81%
doesn't
81%
don't
81%
even
81%
famous
81%
fit,
81%
from
81%
gonna
81%
homesick
81%
How's
81%
know
81%
leaning
81%
name
81%
need
81%
not
81%
places
81%
Printed
81%
Singapore
81%
take
81%
them
81%
tomorrow
81%
was
81%
will
81%
year
81%
you'll
81%
your
81%
you're
81%
are
75%
'bout
75%
breakfast
75%
can
75%
carry
75%
'cause
75%
'Cause
75%
continental
75%
David's
75%
dry
75%
eating
75%
eyes
75%
far ?
75%
here
75%
him
75%
it's
75%
laughing
75%
love
75%
man
75%
mannerisms
75%
melancholy
75%
new
75%
news
75%
or
75%
plaque
75%
real
75%
rolling
75%
size
75%
stay
75%
these
75%
told
75%
Trying
75%
trying
75%
two
75%
up
75%
wasn't
75%
We'll
75%
you've
75%
better
69%
could
69%
every
69%
face
69%
fades
69%
floor
69%
late
69%
neighbor's
69%
over
69%
until
69%
While
69%
worse
69%
Yeah,
69%
asleep,
63%
at
63%
blessing
63%
call
63%
crowd
63%
curse
63%
dozen
63%
'em
63%
fall
63%
family
63%
heard
63%
inflection
63%
long
63%
Meeting
63%
mine
63%
Seeing
63%
this
63%
times
63%
trip
63%
watching
63%
wild,
63%
word
63%
flat
56%
just
56%
least
56%
leave
56%
spellbound
56%
anecdote
50%
No matching quizzes found
Score Distribution
Percent of People with Each Score
Percentile by Number Answered
Your Score History
You have not taken this quiz